000 00348 a2200157 4500
001 58782
020 _a9788576753704
040 _cAnchieta - Pituba
100 _aReis, Anderson Roberti dos
240 1 0 _aHistória 9º ano
_lpor
245 1 0 _aHistória 9º ano
300 _a288
362 0 _a2008
650 4 _aHistória do mundo
942 _cBK
999 _c58782
_d58782